|
|
|
|
| LEADER |
03040nam a2200697 i 4500 |
| 001 |
nkc20172962043 |
| 003 |
CZ PrNK |
| 005 |
20180322081155.0 |
| 007 |
ta |
| 008 |
180108s2017 xr ach e c 000 0 cze |
| 020 |
|
|
|a 978-80-7051-239-5
|q (brožováno)
|
| 040 |
|
|
|a ABA001
|b cze
|d BOA001
|e rda
|
| 041 |
0 |
|
|a cze
|b eng
|
| 043 |
|
|
|a e-xr---
|b e-xr-mr
|2 czenas
|
| 045 |
|
|
|a w-x-
|
| 072 |
|
7 |
|a 821.162.3.09
|x Česká literatura (o ní)
|2 Konspekt
|9 11
|
| 080 |
|
|
|a 821.162.3
|2 MRF
|
| 080 |
|
|
|a 82-027.541
|2 MRF
|
| 080 |
|
|
|a 82-055.2
|2 MRF
|
| 080 |
|
|
|a (437.32-191.2)
|2 MRF
|
| 080 |
|
|
|a (048.8:082)
|2 MRF
|
| 080 |
|
|
|a (083.824)
|2 MRF
|
| 100 |
1 |
|
|a Sumín, Jiří,
|d 1863-1936
|7 jk01121783
|4 art
|
| 245 |
1 |
0 |
|a Jiří Sumín :
|b tajemství ženského psaní : katalog k výstavě z 20. prosince 2017 - 28. února 2018 pořádané v Galerii Moravské zemské knihovny v Brně /
|c Libuše Heczková, Petra Kožušníková, Romana Macháčková
|
| 246 |
3 |
0 |
|a Tajemství ženského psaní
|
| 250 |
|
|
|a 1. vydání
|
| 264 |
|
1 |
|a V Brně :
|b Moravská zemská knihovna,
|c 2017
|
| 300 |
|
|
|a 82 stran :
|b ilustrace, portréty, faksimile ;
|c 15 x 25 cm
|
| 336 |
|
|
|a text
|b txt
|2 rdacontent
|
| 336 |
|
|
|a statický obraz
|b sti
|2 rdacontent
|
| 337 |
|
|
|a bez média
|b n
|2 rdamedia
|
| 338 |
|
|
|a svazek
|b nc
|2 rdacarrier
|
| 500 |
|
|
|a 200 výtisků
|
| 500 |
|
|
|a Životopisná data
|
| 504 |
|
|
|a Obsahuje bibliografie a bibliografické odkazy
|
| 546 |
|
|
|a Anglické resumé
|
| 600 |
1 |
7 |
|a Sumín, Jiří,
|d 1863-1936
|7 jk01121783
|2 czenas
|
| 648 |
|
7 |
|a 19.-20. století
|7 ch757015
|2 czenas
|
| 650 |
0 |
7 |
|a česká literatura
|7 ph116858
|y 19.-20. století
|2 czenas
|
| 650 |
0 |
7 |
|a regionální literatura
|7 ph125079
|z Česko
|y 19.-20. století
|2 czenas
|
| 650 |
0 |
7 |
|a ženy v literatuře
|7 ph127972
|z Česko
|y 19.-20. století
|2 czenas
|
| 650 |
0 |
9 |
|a Czech literature
|y 19th-20th centuries
|2 eczenas
|
| 650 |
0 |
9 |
|a regional literature
|z Czechia
|y 19th-20th centuries
|2 eczenas
|
| 650 |
0 |
9 |
|a women in literature
|z Czechia
|y 19th-20th centuries
|2 eczenas
|
| 651 |
|
7 |
|a Haná (Česko)
|7 ge129228
|2 czenas
|
| 651 |
|
9 |
|a Haná (Czechia)
|2 eczenas
|
| 655 |
|
7 |
|a kolektivní monografie
|7 fd501537
|2 czenas
|
| 655 |
|
7 |
|a katalogy výstav
|7 fd132536
|2 czenas
|
| 655 |
|
9 |
|a collective monographs
|2 eczenas
|
| 655 |
|
9 |
|a exhibition catalogs
|2 eczenas
|
| 700 |
1 |
|
|a Heczková, Libuše,
|d 1967-
|7 xx0050197
|4 wfw
|
| 700 |
1 |
|
|a Kožušníková, Petra,
|d 1983-
|7 xx0194188
|4 wfw
|
| 700 |
1 |
|
|a Hrbatová, Romana Dominika,
|d 1975-
|7 js20100921001
|4 wfw
|
| 710 |
2 |
|
|a Moravská zemská knihovna (Brno, Česko)
|7 kn20010709059
|4 orm
|4 isb
|
| 856 |
4 |
1 |
|u https://www.digitalniknihovna.cz/mzk/uuid/uuid:c1e2b4f0-c5a4-11ea-a037-005056827e52
|y Digitalizovaný dokument
|x NDK
|
| 910 |
2 |
|
|a BOA001
|b 2-1400.359
|
| 990 |
|
|
|a BK
|
| 995 |
|
|
|a 11
|
| 991 |
|
|
|b 201802
|c NOV
|
| 996 |
6 |
|
|b 2610732237
|c 2-1400.359
|l MZK
|r Sklad / do 1 hodiny
|n 0
|p p.v.
|w 001649381
|u 000010
|a 1
|e BOA001
|j MZK50
|s P
|
| 996 |
7 |
|
|b 2610732238
|c 2-1400.359
|l MZK
|r Sklad / do 1 hodiny
|n 1
|p p.v.
|w 001649381
|u 000020
|a 1
|e BOA001
|j MZK50
|s A
|